[Event "ASIAN CITIES CHESS CHAMPIONSHIP 2015"]
[Site "Citrus Hotel , Waskaduwa, Sri Lanka"]
[Date "2015.07.25"]
[Round "5"]
[Board "4"]
[White "Taalaibekov, Tagir"]
[Black "Li, Wenxiang"]
[Result "1-0"]
[WhiteElo "2193"]
[BlackElo "1882"]
[PlyCount "107"]
[EventDate "2015.07.22"]
[EventType "team"]
[EventRounds "9"]
[EventCountry "SRI"]
[WhiteTeam "Bishkek City, Kyrgyzstan"]
[BlackTeam "Qingdao, China"]

1. d4 d5 2. c4 c6 3. Nf3 Nf6 4. e3 Bf5 5. Nc3 e6 6. Nh4 Bg6 7. Nxg6 hxg6 8. Bd3
Nbd7 9. h3 a6 10. a3 Bd6 11. O-O Qe7 12. e4 dxe4 13. Nxe4 Nxe4 14. Bxe4 Rh4 15.
Re1 O-O-O 16. b4 f5 17. Bf3 Nf6 18. Bg5 Rxd4 19. Qb3 Rd3 20. Qa4 Qd7 21. b5
cxb5 22. cxb5 Kb8 23. Rab1 Rxa3 24. Qc4 a5 25. Rxe6 Rc8 26. Bc6 Ne4 27. Bxd7
Rxc4 28. b6 Rac3 29. Re8+ Rc8 30. Bxc8 Rxc8 31. Rxc8+ Kxc8 32. Be3 Kd7 33. f3
Nc3 34. Ra1 Bb4 35. Kf1 Nd5 36. Bd4 Kc6 37. Bxg7 Kxb6 38. g4 fxg4 39. fxg4 g5
40. Be5 Bc3 41. Bxc3 Nxc3 42. h4 gxh4 43. g5 Ne4 44. g6 Ng3+ 45. Kg2 Nf5 46.
Kh3 Kb5 47. Rf1 Ng7 48. Rf7 Ne6 49. Kxh4 a4 50. Rxb7+ Kc4 51. Kg4 a3 52. Kf5 a2
53. Ra7 Nd4+ 54. Kf6 1-0

[Event "ASIAN CITIES CHESS CHAMPIONSHIP 2015"]
[Site "Citrus Hotel , Waskaduwa, Sri Lanka"]
[Date "2015.07.25"]
[Round "5"]
[Board "1"]
[White "Maqseed, Nasser"]
[Black "Himanshu, Sharma"]
[Result "0-1"]
[WhiteElo "1932"]
[BlackElo "2410"]
[PlyCount "91"]
[EventDate "2015.07.22"]
[EventType "team"]
[EventRounds "9"]
[EventCountry "SRI"]
[WhiteTeam "Kuwait City, Kuwait"]
[BlackTeam "Bangalore, India"]

1. Nf3 Nf6 2. g3 b5 3. Bg2 Bb7 4. d3 d5 5. Nbd2 e6 6. O-O c5 7. Qe1 Nc6 8. a3
Be7 9. e4 O-O 10. e5 Nd7 11. Qe2 Qc7 12. Re1 b4 13. Nf1 bxa3 14. bxa3 Nd4 15.
Nxd4 cxd4 16. Bb2 Rfc8 17. Bxd4 Qxc2 18. Qxc2 Rxc2 19. Ne3 Rcc8 20. Bb2 Nc5 21.
Rad1 Ba6 22. Bf1 Rab8 23. Bd4 Nb3 24. Bb2 h6 25. d4 Bxf1 26. Kxf1 a5 27. a4 Kf8
28. Re2 Rb4 29. Rd3 Nc1 30. Rc3 Rxc3 31. Bxc3 Nxe2 32. Bxb4 Nxg3+ 33. hxg3 axb4
34. Ke2 b3 35. Kd3 Bb4 36. Nd1 Ke7 37. f3 h5 38. Ne3 b2 39. Kc2 Bc3 40. Nd1
Bxd4 41. f4 Kd7 42. Nxb2 g5 43. Nd3 h4 44. gxh4 gxh4 45. Ne1 h3 46. Nf3 0-1

[Event "ASIAN CITIES CHESS CHAMPIONSHIP 2015"]
[Site "Citrus Hotel , Waskaduwa, Sri Lanka"]
[Date "2015.07.25"]
[Round "5"]
[Board "2"]
[White "Stany, G.A."]
[Black "Al Ibrahim, Abdulrahman"]
[Result "1-0"]
[WhiteElo "2380"]
[BlackElo "1719"]
[PlyCount "47"]
[EventDate "2015.07.22"]
[EventType "team"]
[EventRounds "9"]
[EventCountry "SRI"]
[WhiteTeam "Bangalore, India"]
[BlackTeam "Kuwait City, Kuwait"]

1. e4 c5 2. Nf3 a6 3. c4 d6 4. d4 cxd4 5. Nxd4 Nf6 6. Nc3 e6 7. Bd3 Be7 8. O-O
O-O 9. Be3 Qc7 10. Rc1 Nbd7 11. f4 b6 12. Qf3 Nc5 13. Bb1 Bb7 14. b4 Ncd7 15.
Qh3 Rfe8 16. g4 e5 17. Nf5 exf4 18. Rxf4 Ne5 19. g5 Nfd7 20. Rh4 Nf8 21. Nd5
Bxd5 22. exd5 Neg6 23. Re4 Ne5 24. Qg3 1-0

[Event "ASIAN CITIES CHESS CHAMPIONSHIP 2015"]
[Site "Citrus Hotel , Waskaduwa, Sri Lanka"]
[Date "2015.07.25"]
[Round "5"]
[Board "4"]
[White "Raghunandan, Kaumandur Srihari"]
[Black "Alkhaldi, Bader"]
[Result "1-0"]
[WhiteElo "2236"]
[BlackElo "1970"]
[PlyCount "48"]
[EventDate "2015.07.22"]
[EventType "team"]
[EventRounds "9"]
[EventCountry "SRI"]
[WhiteTeam "Bangalore, India"]
[BlackTeam "Kuwait City, Kuwait"]

1. d4 d5 2. c4 c6 3. Nf3 Nf6 4. e3 e6 5. Bd3 Nbd7 6. O-O Bd6 7. Nc3 O-O 8. Qc2
dxc4 9. Bxc4 e5 10. h3 Qe7 11. Bb3 e4 12. Ng5 Nb6 13. Ngxe4 Bf5 14. Nxf6+ Qxf6
15. e4 Bg6 16. Be3 Qh4 17. f4 Rfe8 18. f5 Qg3 19. fxg6 Qxe3+ 20. Qf2 Qxf2+ 21.
Rxf2 Red8 22. gxf7+ Kf8 23. Ne2 c5 24. e5 Be7 1-0

[Event "ASIAN CITIES CHESS CHAMPIONSHIP 2015"]
[Site "Citrus Hotel , Waskaduwa, Sri Lanka"]
[Date "2015.07.25"]
[Round "5"]
[Board "1"]
[White "Sultan, Ibrahim"]
[Black "Weerawardane, Romesh"]
[Result "1/2-1/2"]
[WhiteElo "2040"]
[BlackElo "2110"]
[PlyCount "94"]
[EventDate "2015.07.22"]
[EventType "team"]
[EventRounds "9"]
[EventCountry "SRI"]
[WhiteTeam "Dubai, UAE"]
[BlackTeam "Colombo, Sri Lanka"]

1. d4 Nf6 2. c4 e6 3. Nf3 d5 4. Bg5 c6 5. e3 Nbd7 6. Nbd2 Be7 7. Bd3 O-O 8. O-O
c5 9. Rc1 b6 10. Ne5 Bb7 11. Nxd7 Nxd7 12. Bf4 a6 13. cxd5 exd5 14. dxc5 Nxc5
15. Nf3 Bf6 16. Rc2 g6 17. b4 Ne6 18. Be5 Bxe5 19. Nxe5 Qd6 20. f4 b5 21. Qg4
f5 22. Qg3 Ng7 23. Rfc1 Rac8 24. Rc5 Qe7 25. Qf3 Qd6 26. Qg3 Rfd8 27. Qf2 Ne6
28. Rxc8 Rxc8 29. Rxc8+ Bxc8 30. Qc2 Bb7 31. a3 d4 32. exd4 Qxd4+ 33. Qf2 Qxf2+
34. Kxf2 Nxf4 35. g3 Nxd3+ 36. Nxd3 Kf7 37. Ke3 g5 38. Nc5 Bc8 39. Kd4 Kf6 40.
Kd5 Ke7 41. Ke5 h5 42. Nb3 Kf7 43. Nd4 Kg6 44. Nb3 Kf7 45. Nc5 Kg6 46. Nb3 Kf7
47. Nd4 Kg6 1/2-1/2

[Event "ASIAN CITIES CHESS CHAMPIONSHIP 2015"]
[Site "Citrus Hotel , Waskaduwa, Sri Lanka"]
[Date "2015.07.25"]
[Round "5"]
[Board "2"]
[White "Edirisinghe, Dulan"]
[Black "Ahmed, Fareed"]
[Result "1/2-1/2"]
[WhiteElo "2051"]
[BlackElo "2052"]
[PlyCount "89"]
[EventDate "2015.07.22"]
[EventType "team"]
[EventRounds "9"]
[EventCountry "SRI"]
[WhiteTeam "Colombo, Sri Lanka"]
[BlackTeam "Dubai, UAE"]

1. Nf3 Nf6 2. c4 d6 3. g3 b6 4. Bg2 Bb7 5. O-O c5 6. Nc3 e6 7. Re1 Nbd7 8. e4
Be7 9. d4 cxd4 10. Nxd4 Qc7 11. b3 a6 12. Qd2 O-O 13. Bb2 Rfe8 14. Rad1 Bf8 15.
h3 Rad8 16. g4 h6 17. Qe3 g6 18. Qg3 Bg7 19. Kh1 Nc5 20. Rd2 e5 21. Nc2 Ne6 22.
f3 Nf4 23. Bf1 Nd7 24. Ne3 Nc5 25. Ncd5 Bxd5 26. Nxd5 Nxd5 27. cxd5 b5 28. b4
Na4 29. Rc1 Qb7 30. Qe1 Rc8 31. Ba1 Rc7 32. Rxc7 Qxc7 33. Bd3 Nb6 34. Rc2 Nc4
35. Bxc4 bxc4 36. Qe3 Rc8 37. Bc3 Qd7 38. Rb2 Qa4 39. Qd2 Kh7 40. Qc2 Qa3 41.
Kg2 Bf6 42. Be1 Bg5 43. Qc3 Qa4 44. Qc2 Qa3 45. Qc3 1/2-1/2

[Event "ASIAN CITIES CHESS CHAMPIONSHIP 2015"]
[Site "Citrus Hotel , Waskaduwa, Sri Lanka"]
[Date "2015.07.25"]
[Round "5"]
[Board "3"]
[White "Ali, Abdulaziz"]
[Black "Priyankara, Chamil"]
[Result "1-0"]
[WhiteElo "1767"]
[BlackElo "2018"]
[PlyCount "109"]
[EventDate "2015.07.22"]
[EventType "team"]
[EventRounds "9"]
[EventCountry "SRI"]
[WhiteTeam "Dubai, UAE"]
[BlackTeam "Colombo, Sri Lanka"]

1. e4 c5 2. Nf3 d6 3. d4 cxd4 4. Nxd4 Nf6 5. Nc3 a6 6. Be2 e5 7. Nf3 Be7 8. O-O
h6 9. Re1 Be6 10. h3 Nbd7 11. Bf1 Rc8 12. Nh2 O-O 13. Be2 Rxc3 14. bxc3 Nxe4
15. Bd3 Nxc3 16. Qf3 Qc7 17. Bb2 Na4 18. Qe4 f5 19. Qxa4 e4 20. Bf1 Nc5 21. Qb4
d5 22. Qc3 Bd6 23. g3 f4 24. gxf4 Bxf4 25. Ng4 Rf5 26. Bc1 h5 27. Bxf4 Qxf4 28.
Qxc5 hxg4 29. Qe3 Qe5 30. Qg3 Qf6 31. hxg4 Rf4 32. Be2 Qg5 33. Kf1 d4 34. Kg2
Bxg4 35. Rg1 d3 36. cxd3 exd3 37. Bxd3 Bh3+ 38. Kxh3 Qh5+ 39. Kg2 Rg4 40. Bh7+
Kf8 41. Rh1 Rxg3+ 42. Kxg3 Qg5+ 43. Kf3 Qf6+ 44. Ke3 b5 45. Be4 Qc3+ 46. Bd3 b4
47. Rac1 Qe5+ 48. Be4 a5 49. Rh8+ Ke7 50. Rhc8 Qb2 51. R1c7+ Kd6 52. Rc6+ Kd7
53. Bf5+ Ke7 54. Re6+ Kd7 55. Ra6+ 1-0

[Event "ASIAN CITIES CHESS CHAMPIONSHIP 2015"]
[Site "Citrus Hotel , Waskaduwa, Sri Lanka"]
[Date "2015.07.25"]
[Round "5"]
[Board "4"]
[White "Naotunna, Dineth Nimnaka"]
[Black "Faisal, Ali"]
[Result "1-0"]
[WhiteElo "1930"]
[BlackElo "1774"]
[PlyCount "49"]
[EventDate "2015.07.22"]
[EventType "team"]
[EventRounds "9"]
[EventCountry "SRI"]
[WhiteTeam "Colombo, Sri Lanka"]
[BlackTeam "Dubai, UAE"]

1. d4 Nf6 2. Nf3 e6 3. Bf4 b6 4. e3 Bb7 5. Bd3 Be7 6. h3 O-O 7. O-O c5 8. c4
cxd4 9. exd4 d6 10. Nc3 Re8 11. Rc1 Bf8 12. b4 Nbd7 13. Bh2 e5 14. Bc2 Rc8 15.
Bb3 Bxf3 16. Qxf3 exd4 17. Nb5 Ne5 18. Qd1 Nc6 19. Nxd4 Nxd4 20. Qxd4 Re4 21.
Qd2 d5 22. f3 Re7 23. cxd5 Rxc1 24. Rxc1 Rd7 25. Rd1 1-0

[Event "ASIAN CITIES CHESS CHAMPIONSHIP 2015"]
[Site "Citrus Hotel , Waskaduwa, Sri Lanka"]
[Date "2015.07.25"]
[Round "5"]
[Board "1"]
[White "Alahakoon, Isuru"]
[Black "Arjun, Satheesh"]
[Result "0-1"]
[WhiteElo "2054"]
[BlackElo "1997"]
[PlyCount "37"]
[EventDate "2015.07.22"]
[EventType "team"]
[EventRounds "9"]
[EventCountry "SRI"]
[WhiteTeam "Kandy, Sri Lanka"]
[BlackTeam "Calicut, India"]

1. Nf3 Nf6 2. g3 d5 3. Bg2 c6 4. O-O Bf5 5. d3 h6 6. Nbd2 e6 7. b3 Be7 8. Bb2
O-O 9. Re1 Na6 10. e4 Bh7 11. e5 Nd7 12. a3 Nac5 13. Nf1 a5 14. Ne3 a4 15. b4
Na6 16. c4 Nc7 17. cxd5 Nxd5 18. Nxd5 cxd5 19. Nd4 {PoorRecording [Rb6]} 0-1

[Event "ASIAN CITIES CHESS CHAMPIONSHIP 2015"]
[Site "Citrus Hotel , Waskaduwa, Sri Lanka"]
[Date "2015.07.25"]
[Round "5"]
[Board "2"]
[White "Sanjid, Latheef"]
[Black "Doluweera, Minul Sanjula"]
[Result "1-0"]
[WhiteElo "1922"]
[BlackElo "2042"]
[PlyCount "79"]
[EventDate "2015.07.22"]
[EventType "team"]
[EventRounds "9"]
[EventCountry "SRI"]
[WhiteTeam "Calicut, India"]
[BlackTeam "Kandy, Sri Lanka"]

1. Nf3 Nf6 2. b3 e6 3. Bb2 b6 4. e3 Bb7 5. Be2 c5 6. d3 Be7 7. Nbd2 O-O 8. c4
d5 9. O-O Nc6 10. cxd5 Nxd5 11. Nc4 Bf6 12. Qd2 Bxb2 13. Qxb2 Qe7 14. Nfe5 Nd8
15. d4 Rc8 16. dxc5 Rxc5 17. b4 Rc7 18. b5 f6 19. Nf3 Nf7 20. Rfd1 Rfc8 21.
Nfd2 Rc5 22. a4 a6 23. Bf1 axb5 24. axb5 Qe8 25. e4 Rxb5 26. Qa3 Ne7 27. Nd6
Nxd6 28. Qxd6 Re5 29. f4 Rc6 30. fxe5 Rxd6 31. exd6 Nc6 32. Bb5 Qd8 33. Nc4 e5
34. d7 Nd4 35. Nd6 Ba8 36. Rxa8 Qxa8 37. Nc8 Ne6 38. d8=Q+ Nxd8 39. Rxd8+ Kf7
40. Nd6+ 1-0

[Event "ASIAN CITIES CHESS CHAMPIONSHIP 2015"]
[Site "Citrus Hotel , Waskaduwa, Sri Lanka"]
[Date "2015.07.25"]
[Round "5"]
[Board "3"]
[White "Subasinghe, K R V R"]
[Black "Mohammed, Dilshad"]
[Result "1-0"]
[WhiteElo "1874"]
[BlackElo "1961"]
[PlyCount "67"]
[EventDate "2015.07.22"]
[EventType "team"]
[EventRounds "9"]
[EventCountry "SRI"]
[WhiteTeam "Kandy, Sri Lanka"]
[BlackTeam "Calicut, India"]

1. e4 c6 2. d4 d5 3. exd5 cxd5 4. Bd3 Nc6 5. c3 Nf6 6. Nf3 Bg4 7. Nbd2 e6 8.
O-O Bd6 9. Re1 O-O 10. Nf1 Qc7 11. Bg5 Be7 12. Ng3 Nh5 13. Bxe7 Qxe7 14. h3
Bxf3 15. Qxf3 Nxg3 16. Qxg3 a6 17. Qg4 b5 18. a3 Rab8 19. f4 Qf6 20. Kh1 g6 21.
Rf1 Kh8 22. Qe2 Rb7 23. a4 Rfb8 24. axb5 axb5 25. Ra6 Ne7 26. b4 Rc8 27. Ra3
Nf5 28. Bxf5 Qxf5 29. Qe5+ Qxe5 30. fxe5 Kg7 31. Kg1 Re7 32. Kf2 f6 33. exf6+
Kxf6 34. Ke3+ {Poor Recording} 1-0

[Event "ASIAN CITIES CHESS CHAMPIONSHIP 2015"]
[Site "Citrus Hotel , Waskaduwa, Sri Lanka"]
[Date "2015.07.25"]
[Round "5"]
[Board "4"]
[White "Arjun, K"]
[Black "Piyumantha, M Sasith Nipun"]
[Result "1-0"]
[WhiteElo "2035"]
[BlackElo "1928"]
[PlyCount "60"]
[EventDate "2015.07.22"]
[EventType "team"]
[EventRounds "9"]
[EventCountry "SRI"]
[WhiteTeam "Calicut, India"]
[BlackTeam "Kandy, Sri Lanka"]

1. e4 c5 2. c3 g6 3. d4 cxd4 4. cxd4 d6 5. e5 Nc6 6. Nc3 Bg7 7. h3 Nh6 8. Nf3
O-O 9. Qb3 Nf5 10. Ne2 e6 11. g3 f6 12. g4 Nfe7 13. exf6 Bxf6 14. Bg2 Qa5+ 15.
Bd2 Qc7 16. Rc1 Qb6 17. Qa3 Re8 18. Bc3 a5 19. Qxd6 Qd8 20. Qf4 Rf8 21. Qe3 Qd6
22. a3 b5 23. h4 b4 24. Bd2 bxa3 25. bxa3 e5 26. g5 Bg7 27. dxe5 Nxe5 28. Nxe5
Bxe5 29. f4 Bb2 30. Rc2 Nf5 1-0

[Event "ASIAN CITIES CHESS CHAMPIONSHIP 2015"]
[Site "Citrus Hotel , Waskaduwa, Sri Lanka"]
[Date "2015.07.25"]
[Round "5"]
[Board "4"]
[White "Lin, Chung-Yu Lee"]
[Black "Ibarhim, Firaq"]
[Result "0-1"]
[WhiteElo "1728"]
[BlackElo "1563"]
[PlyCount "74"]
[EventDate "2015.07.22"]
[EventType "team"]
[EventRounds "9"]
[EventCountry "SRI"]
[WhiteTeam "Taipei, Chinese Taipei"]
[BlackTeam "Male, Maldives"]

1. e4 e5 2. Nf3 Nc6 3. Bc4 Nf6 4. d3 d5 5. exd5 Nxd5 6. Ng5 f6 7. Ne4 Be6 8.
O-O Bd6 9. Qh5+ Bf7 10. Qg4 g6 11. Qh4 Be7 12. Nbc3 O-O 13. Qh6 Nxc3 14. Bxf7+
Rxf7 15. bxc3 Bf8 16. Qh3 Bg7 17. Rb1 b6 18. f4 Qd7 19. Qg3 Re8 20. h4 exf4 21.
Bxf4 Ne7 22. h5 g5 23. Bd2 h6 24. Rf3 Kh8 25. Rbf1 Ref8 26. d4 Qd5 27. Re1 Qxa2
28. Qxc7 Ng8 29. Qc6 Qxc2 30. Rf2 f5 31. Nd6 Bxd4 32. Nxf7+ Rxf7 33. Be3 Bxe3
34. Rxe3 Qc1+ 35. Kh2 Qxe3 36. Rf3 Qe5+ 37. Kg1 Qc5+ 0-1

[Event "ASIAN CITIES CHESS CHAMPIONSHIP 2015"]
[Site "Citrus Hotel , Waskaduwa, Sri Lanka"]
[Date "2015.07.25"]
[Round "5"]
[Board "1"]
[White "Suni, Syairazi"]
[Black "Sabri, Mohd Saprin"]
[Result "0-1"]
[WhiteElo "1943"]
[BlackElo "2089"]
[PlyCount "62"]
[EventDate "2015.07.22"]
[EventType "team"]
[EventRounds "9"]
[EventCountry "SRI"]
[WhiteTeam "Bandar Seri Begawan, Brunei"]
[BlackTeam "Shah Alam, Malaysia"]

1. e4 c5 2. Nf3 d6 3. Bb5+ Bd7 4. Bxd7+ Qxd7 5. d3 g6 6. c4 Nc6 7. Nc3 Bg7 8.
O-O e6 9. Re1 Nge7 10. Rb1 O-O 11. Be3 Nd4 12. Qd2 d5 13. exd5 exd5 14. Bxd4
cxd4 15. Nb5 dxc4 16. dxc4 Nc6 17. b4 a6 18. Na3 b6 19. Rbd1 Rfd8 20. Nc2 b5
21. c5 d3 22. Ne3 a5 23. a3 axb4 24. axb4 Ra3 25. Rc1 Rb3 26. Rb1 Bc3 27. Rxb3
Bxd2 28. Nxd2 Ra8 29. g3 Qd4 30. Kf1 Ra2 31. Ne4 Nxb4 0-1

[Event "ASIAN CITIES CHESS CHAMPIONSHIP 2015"]
[Site "Citrus Hotel , Waskaduwa, Sri Lanka"]
[Date "2015.07.25"]
[Round "5"]
[Board "2"]
[White "Fong, Yit San"]
[Black "Hj, Azahari Siti Nur Fatimah"]
[Result "1/2-1/2"]
[WhiteElo "2091"]
[BlackElo "2094"]
[PlyCount "66"]
[EventDate "2015.07.22"]
[EventType "team"]
[EventRounds "9"]
[EventCountry "SRI"]
[WhiteTeam "Shah Alam, Malaysia"]
[BlackTeam "Bandar Seri Begawan, Brunei"]

1. e4 e5 2. Nf3 Nf6 3. Nxe5 d6 4. Nf3 Nxe4 5. Nc3 Nf6 6. d4 Be7 7. Bd3 O-O 8.
h3 Re8 9. O-O Nbd7 10. Ne2 Nf8 11. Ng3 c6 12. c4 Ng6 13. Qc2 d5 14. c5 Qc7 15.
Re1 Nf4 16. Bf5 Bxf5 17. Qxf5 Ne6 18. Bd2 g6 19. Qd3 Bf8 20. b4 Bg7 21. a4 a6
22. b5 axb5 23. axb5 b6 24. cxb6 Qxb6 25. bxc6 Qxc6 26. Ne5 Qc7 27. Rac1 Qa7
28. Be3 Qa6 29. Qd2 Qa2 30. Rc2 Qa5 31. Qc1 Qa3 32. Qd2 Qa5 33. Qc1 Qa3 1/2-1/2

[Event "ASIAN CITIES CHESS CHAMPIONSHIP 2015"]
[Site "Citrus Hotel , Waskaduwa, Sri Lanka"]
[Date "2015.07.25"]
[Round "5"]
[Board "3"]
[White "Kamis, Kamarunsalehin"]
[Black "Zulkifli, Muhd Syazwan"]
[Result "0-1"]
[WhiteElo "2030"]
[BlackElo "2070"]
[PlyCount "72"]
[EventDate "2015.07.22"]
[EventType "team"]
[EventRounds "9"]
[EventCountry "SRI"]
[WhiteTeam "Bandar Seri Begawan, Brunei"]
[BlackTeam "Shah Alam, Malaysia"]

1. d4 Nf6 2. c4 e6 3. Nc3 Bb4 4. e3 O-O 5. Nge2 Qe7 6. a3 Bxc3+ 7. Nxc3 d5 8.
Bd3 c6 9. O-O dxc4 10. Bxc4 e5 11. b4 Be6 12. Qb3 Bxc4 13. Qxc4 Nbd7 14. Bb2
Nb6 15. Qb3 exd4 16. exd4 Qd6 17. Rad1 Nbd5 18. g3 Nxc3 19. Qxc3 Nd5 20. Qc5
Qg6 21. b5 Nf4 22. Qe5 Nh3+ 23. Kg2 Rfe8 24. Qc7 Ng5 25. Rfe1 Qf5 26. Qf4 Qd5+
27. f3 Qxb5 28. Qd2 Qf5 29. Rf1 Rad8 30. g4 Qd5 31. Rc1 h6 32. h4 Ne6 33. Rfd1
Qd6 34. Qb4 Nf4+ 35. Kf1 Qd5 36. Qc3 Qb5+ 0-1

[Event "ASIAN CITIES CHESS CHAMPIONSHIP 2015"]
[Site "Citrus Hotel , Waskaduwa, Sri Lanka"]
[Date "2015.07.25"]
[Round "5"]
[Board "4"]
[White "Johari, Camilia"]
[Black "Hj, Azahari Md Aliuddin"]
[Result "1/2-1/2"]
[WhiteElo "1839"]
[BlackElo "2065"]
[PlyCount "49"]
[EventDate "2015.07.22"]
[EventType "team"]
[EventRounds "9"]
[EventCountry "SRI"]
[WhiteTeam "Shah Alam, Malaysia"]
[BlackTeam "Bandar Seri Begawan, Brunei"]

1. d4 Nf6 2. c4 c5 3. Nf3 cxd4 4. Nxd4 g6 5. Nc3 d5 6. e3 dxc4 7. Bxc4 Bg7 8.
O-O O-O 9. Qe2 a6 10. Rd1 Qc7 11. f3 Nc6 12. Nxc6 Qxc6 13. e4 Be6 14. Bxe6 Qxe6
15. Be3 Rfd8 16. Rd2 Rac8 17. Rad1 Rxd2 18. Qxd2 Qc6 19. e5 Ne8 20. Nd5 Bf8 21.
Nb6 Rc7 22. Na8 Rc8 23. Nb6 Rc7 24. Na8 Rc8 25. Nb6 1/2-1/2

[Event "ASIAN CITIES CHESS CHAMPIONSHIP 2015"]
[Site "Citrus Hotel , Waskaduwa, Sri Lanka"]
[Date "2015.07.25"]
[Round "5"]
[Board "1"]
[White "Battulga, Namkhai"]
[Black "Farazi, Khaiber"]
[Result "1-0"]
[WhiteElo "2387"]
[BlackElo "2134"]
[PlyCount "96"]
[EventDate "2015.07.22"]
[EventType "team"]
[EventRounds "9"]
[EventCountry "SRI"]
[WhiteTeam "Erdenet, Mongolia"]
[BlackTeam "Kabul, Afghanistan"]

1. e4 c6 2. c4 d5 3. exd5 cxd5 4. cxd5 Nf6 5. Nc3 Nxd5 6. Bc4 Nb6 7. Bb3 e6 8.
Nf3 Be7 9. d4 O-O 10. O-O Nc6 11. Re1 Bf6 12. Be3 Na5 13. Bc2 Nd5 14. Qd3 g6
15. Ne5 Nb4 16. Qe2 Nxc2 17. Qxc2 Bd7 18. Bh6 Bg7 19. Bxg7 Kxg7 20. Rad1 Nc6
21. Nxd7 Qxd7 22. d5 Nb4 23. Qe4 Nxd5 24. Nxd5 exd5 25. Qe5+ Kg8 26. Rxd5 Qa4
27. Ra5 Qc6 28. Rc5 Qa4 29. Ra5 Qc6 30. Qe3 b6 31. Re5 Qf6 32. g3 Rac8 33. b4
Rc2 34. a4 Rd8 35. Re7 Rc4 36. Rb1 Qc6 37. b5 Qa8 38. Kf1 Rcd4 39. Qb3 Rf8 40.
Rc1 Re4 41. Rcc7 Rxe7 42. Rxe7 h5 43. h4 a6 44. bxa6 Qxa6+ 45. Kg1 Qa8 46. Rd7
Qc6 47. Rd5 Rb8 48. Rb5 Rb7 1-0

[Event "ASIAN CITIES CHESS CHAMPIONSHIP 2015"]
[Site "Citrus Hotel , Waskaduwa, Sri Lanka"]
[Date "2015.07.25"]
[Round "5"]
[Board "2"]
[White "Mirzaad, S.Wahabuddin"]
[Black "Ganbold, Choidog"]
[Result "0-1"]
[WhiteElo "2067"]
[BlackElo "2157"]
[PlyCount "126"]
[EventDate "2015.07.22"]
[EventType "team"]
[EventRounds "9"]
[EventCountry "SRI"]
[WhiteTeam "Kabul, Afghanistan"]
[BlackTeam "Erdenet, Mongolia"]

1. c4 d6 2. g3 g6 3. Bg2 Bg7 4. Nf3 Nf6 5. O-O O-O 6. d4 Nbd7 7. Nc3 e5 8. e3
c6 9. dxe5 dxe5 10. b3 Re8 11. Bb2 Qc7 12. e4 Nc5 13. Qc2 Bg4 14. h3 Bxf3 15.
Bxf3 Ne6 16. Ne2 Bf8 17. Bg2 Bc5 18. a3 Rad8 19. Rad1 a5 20. Nc1 Nd4 21. Bxd4
Bxd4 22. c5 Nh5 23. Kh2 Ng7 24. b4 b6 25. Nb3 Ne6 26. cxb6 Bxb6 27. bxa5 Bxa5
28. Rc1 Rd6 29. Qc4 Bb6 30. Rc2 Nd4 31. Ra2 Nxb3 32. Qxb3 Bd4 33. Bf3 Rf6 34.
Kg2 Qa7 35. Qc4 Rb8 36. a4 c5 37. Be2 Rb4 38. Qc2 Kg7 39. Bc4 Qa5 40. f3 Rfb6
41. Bb5 c4 42. Rb1 Rxb1 43. Qxb1 c3 44. Re2 Rd6 45. f4 Rf6 46. Qd3 Qb6 47. fxe5
Bxe5 48. Rc2 Rd6 49. Qe2 Qd8 50. h4 h5 51. Bc4 Rf6 52. Qd3 Qc7 53. Bd5 Qa7 54.
Bb3 Qb8 55. Bd5 Rb6 56. Qf3 Rf6 57. Qd3 Qb6 58. Bc4 Qb4 59. Qd5 Qb8 60. Qd3 Qb6
61. Qd5 Bxg3 62. e5 Rf5 63. Kxg3 Qe3+ 0-1

[Event "ASIAN CITIES CHESS CHAMPIONSHIP 2015"]
[Site "Citrus Hotel , Waskaduwa, Sri Lanka"]
[Date "2015.07.25"]
[Round "5"]
[Board "3"]
[White "Turbat, Shagdarsuren"]
[Black "Amini, Habibullah"]
[Result "0-1"]
[WhiteElo "1996"]
[BlackElo "1906"]
[PlyCount "29"]
[EventDate "2015.07.22"]
[EventType "team"]
[EventRounds "9"]
[EventCountry "SRI"]
[WhiteTeam "Erdenet, Mongolia"]
[BlackTeam "Kabul, Afghanistan"]

1. c4 e6 2. Nc3 d5 3. e3 Nf6 4. Nf3 Be7 5. Be2 O-O 6. O-O c5 7. d4 b6 8. dxc5
Bxc5 9. b3 Nc6 10. Bb2 d4 11. exd4 Bxd4 12. Na4 e5 13. Ng5 Bf5 14. Re1 Bc5 15.
Bf3 0-1

[Event "ASIAN CITIES CHESS CHAMPIONSHIP 2015"]
[Site "Citrus Hotel , Waskaduwa, Sri Lanka"]
[Date "2015.07.25"]
[Round "5"]
[Board "1"]
[White "Al-Takrori, Husam"]
[Black "Masters, Christopher"]
[Result "1/2-1/2"]
[WhiteElo "2071"]
[BlackElo "1900"]
[PlyCount "70"]
[EventDate "2015.07.22"]
[EventType "team"]
[EventRounds "9"]
[EventCountry "SRI"]
[WhiteTeam "Jeruselam, Palestine"]
[BlackTeam "Hong Kong, Hong Kong"]

1. e4 c5 2. Nc3 g6 3. f4 Bg7 4. Nf3 d6 5. Bb5+ Bd7 6. Bc4 Nc6 7. O-O Nd4 8.
Nxd4 cxd4 9. Ne2 Rc8 10. d3 e6 11. a4 a5 12. Qe1 Ne7 13. Qf2 Qb6 14. Bb3 O-O
15. Qh4 Nc6 16. Bd2 Qd8 17. Qh3 Nb4 18. Bxb4 axb4 19. g4 h6 20. Qg3 Rc5 21. Kh1
Ra5 22. Qf2 Qb6 23. Ng3 Kh7 24. f5 exf5 25. gxf5 gxf5 26. Nxf5 Bxf5 27. exf5
Be5 28. Qf3 Qc6 29. Qe4 Qxe4+ 30. dxe4 Kg7 31. Rf3 Kf6 32. Raf1 Rc5 33. Rh3 Rh8
34. Rf2 Ke7 35. Kg2 Bf6 {Poor Recording} 1/2-1/2

[Event "ASIAN CITIES CHESS CHAMPIONSHIP 2015"]
[Site "Citrus Hotel , Waskaduwa, Sri Lanka"]
[Date "2015.07.25"]
[Round "5"]
[Board "2"]
[White "Borigas, Edgardo"]
[Black "Qaysiyah, Hani"]
[Result "1-0"]
[WhiteElo "1914"]
[BlackElo "1759"]
[PlyCount "111"]
[EventDate "2015.07.22"]
[EventType "team"]
[EventRounds "9"]
[EventCountry "SRI"]
[WhiteTeam "Hong Kong, Hong Kong"]
[BlackTeam "Jeruselam, Palestine"]

1. Nf3 e6 2. d4 Nf6 3. Bf4 c5 4. e3 Nc6 5. Nbd2 d5 6. c3 Be7 7. Be2 O-O 8. h3
b6 9. O-O Bb7 10. Bd3 Nh5 11. Bh2 g6 12. g4 Ng7 13. Ne1 Bd6 14. f4 f6 15. Ndf3
Qc7 16. Bb5 a6 17. Ba4 b5 18. Bc2 c4 19. Ng2 Rae8 20. Qd2 a5 21. Rae1 b4 22. e4
dxe4 23. Bxe4 f5 24. Bc2 Ne7 25. Ne5 Nd5 26. g5 Ba6 27. Bd1 Bb5 28. Ne3 Bxe5
29. Nxd5 exd5 30. dxe5 Rd8 31. cxb4 c3 32. bxc3 Bxf1 33. Rxf1 axb4 34. cxb4
Qb6+ 35. Kg2 Ne6 36. Bb3 Nd4 37. Bd1 Ne6 38. Bg1 Qc6 39. Bb3 Kg7 40. Rc1 Qb7
41. Kg3 Rf7 42. a4 Rc7 43. Rd1 Rcd7 44. a5 Nc7 45. Bb6 Rc8 46. Ba4 Rf7 47. Bb3
Rd7 48. e6 Rd6 49. Qd4+ Kg8 50. e7 Ne6 51. Bxd5 Qxe7 52. Bc5 Rcd8 53. Qc4 Kf8
54. Bxe6 Rxd1 55. Bxe7+ Kxe7 56. Qe2 {Poor Recording} 1-0